000 00482nam a22001697a 4500
005 20251108165855.0
008 250721s1985 xx 000 0 ara d
082 1 4 _a956.411/جاب
100 1 _aجابر، فايز فهد
245 1 0 _aالقدس :
_bماضيها- حاضرها- مستقبلها /
264 1 _aعمان :
_bدار الجليل،
_c1985.
300 _a277ص
650 1 7 _aتاريخ فلسطين
650 1 7 _aالقدس
942 _2ddc
_cBK
999 _c33575
_d33575